What year did it happen? - Statistics

General Stats
  • This quiz has been taken 26 times
  • The average score is 7 of 15
Answer Stats
Question Answer % Correct
Donald Trump is born 1946
71%
Adolf Hitler is born 1889
57%
Queen Elizabeth II is born 1926
57%
Microsoft is founded 1975
57%
Chernobyl nuclear incident 1986
57%
Start of war in Iraq 2003
57%
Russian invasion of Crimea 2014
57%
First ever Olympic games 1896
43%
First sub-4 minute mile 1954
43%
The first man is sent into space 1961
43%
Obama first sworn in as president 2009
43%
Kim Jong-il death 2011
43%
First ever plane is invented 1903
29%
First time a proton beam is circulated in Large Hadron collider 2008
14%
Jesus is born 5 B.C.
0%
No matching quizzes found
Score Distribution
Percent of People with Each Score
Percentile by Number Answered
Your Score History
You have not taken this quiz